From Allende to Lula. Assessing the Legacy /
Salvato in:
| Autore principale: | |
|---|---|
| Natura: | testo |
| Soggetti: | |
| Tags: |
Aggiungi Tag
Nessun Tag, puoi essere il primo ad aggiungerne!!
|
MARC
| LEADER | 00000 a a2200000 04500 | ||
|---|---|---|---|
| 001 | 9995 | ||
| 003 | |||
| 040 | |||
| 100 | |a Oxhorn, Philip | ||
| 245 | |a From Allende to Lula. Assessing the Legacy / |c Philip Oxhorn | ||
| 650 | |a HISTORIA POLITICA | ||
| 650 | |a IDEOLOGIAS POLITICAS | ||
| 650 | |a DESARROLLO POLITICO | ||
| 650 | |a ANALISIS COMPARATIVO | ||
| 773 | |g volumen 37, número 1; páginas 9-13 | ||
| 999 | |c 22970 |d 22970 | ||
